|
|
|
|
| LEADER |
00000naa2a2200000 4500 |
| 001 |
386795 |
| 005 |
20231101063522.0 |
| 035 |
|
|
|a (RuTPU)RU\TPU\prd\15897
|
| 090 |
|
|
|a 386795
|
| 100 |
|
|
|a 20030702a2003 k y0rusy50 ca
|
| 101 |
0 |
|
|a rus
|
| 102 |
|
|
|a RU
|
| 200 |
1 |
|
|a Поиск утечек: методы нового тысячелетия
|f А. А. Козлов
|
| 225 |
1 |
|
|a Теплоснабжение
|
| 461 |
|
1 |
|0 (RuTPU)RU\TPU\prd\913
|x 1609-7505
|t Энергосбережение
|o специализированный журнал
|f Ассоциация инженеров по отоплению, вентиляции, кондиционированию воздуха, теплоснабжению и строительной теплофизике (АВОК), ООО ИИП "АВОК-ПРЕСС"
|d 2000-
|
| 463 |
|
1 |
|0 (RuTPU)RU\TPU\prd\15778
|t № 3
|v С. 28-29
|d 2003
|
| 610 |
1 |
|
|a утечки
|
| 610 |
1 |
|
|a методы поиска
|
| 610 |
1 |
|
|a акустический метод
|
| 610 |
1 |
|
|a корреляционный метод
|
| 610 |
1 |
|
|a метод теплового контроля
|
| 610 |
1 |
|
|a течеискатели
|
| 610 |
1 |
|
|a датчики
|
| 610 |
1 |
|
|a трубопроводы
|
| 700 |
|
1 |
|a Козлов
|b А. А.
|
| 801 |
|
1 |
|a RU
|b 63413507
|c 20030702
|g PSBO
|
| 801 |
|
2 |
|a RU
|b 63413507
|c 20120417
|g RCR
|
| 942 |
|
|
|c BK
|